|
|
|
|
| LEADER |
00000nab a2200000 a 4500 |
| 001 |
vtls000843452 |
| 003 |
SK-MaSNL |
| 005 |
20260318124630.0 |
| 008 |
160322c2003 xo 0 hun |
| 015 |
|
|
|a SNBRB2003/06-17383
|
| 035 |
|
|
|a CLN000195107
|
| 040 |
|
|
|a SNKBUCL
|b slo
|c SNKBUCL
|e AACR2
|
| 041 |
0 |
|
|a hun
|
| 044 |
|
|
|a xo
|c SK
|
| 080 |
|
|
|a 797.122.2.071
|2 UDC-MRF-SK2
|
| 080 |
|
|
|a 929 Riszdorfer, Mihály
|2 UDC-MRF-SK2
|
| 080 |
|
|
|a 929 Riszdorfer, Richárd
|2 UDC-MRF-SK2
|
| 100 |
1 |
|
|a Soóky, László,
|d 1952-2020
|4 aut
|9 248656
|
| 245 |
1 |
0 |
|a <<A>> Holt Vágon Athén felé evezve
|b előnyös, ha a kajak négyesben Ricsi mögött Misi ül
|c Soóky László
|
| 300 |
|
|
|b Fotogr.
|
| 600 |
1 |
7 |
|a Riszdorfer, Michal,
|d 1977-
|2 snkbucl
|9 104503
|
| 600 |
1 |
7 |
|a Riszdorfer, Richard,
|d 1981-
|2 snkbucl
|9 106877
|
| 655 |
|
7 |
|a články z novín a časopisov
|2 snkbucl
|9 267496
|
| 773 |
0 |
|
|t Vasárnap
|g Roč. 36, č. 19 (2003), s. 16-17
|
| 850 |
|
|
|a Slovenská národná knižnica v Martine
|
| 852 |
|
|
|a SNK
|b KIS3GCP
|
| 958 |
|
|
|a HU
|
| 958 |
|
|
|a SK
|
| 958 |
|
|
|a BX
|
| 958 |
|
|
|a RBX
|
| 999 |
|
|
|c 2558721
|d 2560651
|